[Event "ICS Rated blitz match"]
[Site "207.99.83.229"]
[Date "1999.05.27"]
[Round "?"]
[White "Quaestor"]
[Black "Hossa"]
[Result "1-0"]
[WhiteElo "2742"]
[BlackElo "2466"]
[PlyCount "167"]

1. e4 e5 2. Nf3 Nf6 3. d4 Nxe4 4. Bd3 d5 5. Nxe5 Bd6 6. O-O Nc6 7. Nxc6 bxc6 8.
c4 O-O 9. c5 Be7 10. Nc3 f5 11. Ne2 Qd7 12. Qa4 Re8 13. f3 Ng5 14. Ng3 g6 15.
Re1 Nf7 16. Qa5 Bf6 17. Rxe8+ Qxe8 18. Ne2 Qe7 19. Rb1 Ng5 20. Bd2 Qg7 21. Be3
Ne6 22. Qb4 Bd7 23. Ba6 f4 24. Bf2 Re8 25. Kh1 Kh8 26. Bg1 Qg8 27. Qa5 Qg7 28.
Rd1 Kg8 29. Bf2 Rb8 30. Rd2 Be8 31. Bd3 Ra8 32. Qc3 Rd8 33. Qb4 Bd7 34. Ba6 Ra8
35. Qb7 Qf8 36. Qb3 Rb8 37. Qa4 Qg7 38. Kg1 Bg5 39. Bd3 Ra8 40. Qa6 Bf6 41. Bc2
Qf8 42. Rd1 Qc8 43. Qa5 Qb7 44. b3 Re8 45. Qd2 Bg5 46. b4 Qb8 47. a4 Qd8 48.
Bd3 Qf6 49. Kh1 Qg7 50. Ba6 Rb8 51. Qc3 Re8 52. Nc1 Bc8 53. Bxc8 Rxc8 54. Re1
Re8 55. Nd3 Re7 56. Ne5 Nd8 57. Qd2 Qf6 58. b5 cxb5 59. axb5 Nf7 60. Nc6 Re6
61. Ra1 Qf5 62. Qd1 Nd8 63. Nb4 Re8 64. Rxa7 Ne6 65. Qb3 Rd8 66. b6 cxb6 67.
cxb6 Nf8 68. Nc6 Re8 69. b7 Nd7 70. Ra8 Rf8 71. h4 Bf6 72. Qb4 Bxh4 73. Bxh4
Kg7 74. Qxf8+ Nxf8 75. b8=Q Nd7 76. Ra7 Kh6 77. Rxd7 Qxd7 78. Qxf4+ Kg7 79.
Qf6+ Kg8 80. Ne7+ Qxe7 81. Qxe7 g5 82. Bxg5 h6 83. Bxh6 Kh8 84. Qg7# {
Hossa checkmated} 1-0

[Event "ICS rated blitz match"]
[Site "207.99.83.229"]
[Date "1999.05.27"]
[Round "?"]
[White "swervin1"]
[Black "Hossa"]
[Result "0-1"]
[WhiteElo "2228"]
[BlackElo "2461"]
[PlyCount "46"]

1. d4 d5 2. Nf3 Nf6 3. Bf4 e6 4. Nbd2 Bd6 5. Bg5 O-O 6. e3 Nbd7 7. Bd3 e5 8.
dxe5 Nxe5 9. Nxe5 Bxe5 10. c3 c5 11. O-O h6 12. Bh4 Qb6 13. b3 Bxc3 14. Rc1 Qb4
15. Nb1 Qxh4 16. Rxc3 b6 17. Rc1 Ng4 18. h3 Ne5 19. Be2 Rd8 20. Nd2 Bxh3 21.
gxh3 Qxh3 22. Bf3 Rd6 23. Bg2 23... Rg6 {swervin1 resigns} 0-1

[Event "ICS Rated blitz match"]
[Site "207.99.83.229"]
[Date "1999.05.27"]
[Round "?"]
[White "Hossa"]
[Black "Amateur"]
[Result "1-0"]
[WhiteElo "2468"]
[BlackElo "2489"]
[PlyCount "179"]

1. e4 c5 2. Nf3 d6 3. d4 cxd4 4. Nxd4 Nf6 5. Nc3 e6 6. Be3 e5 7. Bb5+ Bd7 8.
Bxd7+ Nbxd7 9. Ndb5 Nb6 10. Bg5 a6 11. Bxf6 gxf6 12. Na3 Qd7 13. Nd5 Nxd5 14.
Qxd5 Rg8 15. Rg1 Qc6 16. O-O-O Qxd5 17. Rxd5 Bh6+ 18. Kb1 Ke7 19. Nc4 Rad8 20.
g3 b5 21. Na5 Ke6 22. Rgd1 Rd7 23. c4 bxc4 24. Nxc4 Rgd8 25. b4 Bf8 26. f4 Ke7
27. b5 exf4 28. bxa6 f3 29. Rf1 Ra7 30. Rxf3 Rxa6 31. Ra3 Rb8+ 32. Rb3 Rxb3+
33. axb3 Ke6 34. Rb5 Ra8 35. g4 Rc8 36. Kc2 Rc5 37. Rb8 Bg7 38. Kd3 Kd7 39.
Rb7+ Ke6 40. Ne3 Bf8 41. Nd5 Rc1 42. Rb8 Bh6 43. Re8+ Kd7 44. Nxf6+ Kc6 45.
Rc8+ Kb5 46. Rxc1 Bxc1 47. Nxh7 Bf4 48. h3 Kb4 49. Kc2 Kc5 50. Kc3 Be5+ 51. Kd3
Kb4 52. Ng5 f6 53. Nf7 Bg3 54. Kc2 Kc5 55. Nh6 Bf2 56. Nf5 d5 57. exd5 Kxd5 58.
h4 Ke6 59. Kd3 Bb6 60. Kc4 Kf7 61. b4 Kg6 62. Kd5 Bc7 63. b5 Kf7 64. Kc6 Bb8
65. b6 Be5 66. Kd7 Bb8 67. b7 Kg6 68. Kc8 Be5 69. b8=Q Bxb8 70. Kxb8 Kh7 71.
Kc7 Kg8 72. g5 Kf7 73. gxf6 Kxf6 74. Nd4 Kg6 75. Kd6 Kf6 76. Kd5 Kg6 77. Ke5
Kh5 78. Nf5 Kg6 79. Ke6 Kh5 80. Kf6 Kg4 81. Kg6 Kf4 82. h5 Ke5 83. h6 Ke4 84.
h7 Kd5 85. h8=Q Kc5 86. Qc3+ Kd5 87. Qc2 Ke5 88. Qd3 Kf4 89. Qe3+ Kg4 90. Qg3#
{Amateur checkmated} 1-0

[Event "ICS Rated blitz match"]
[Site "207.99.83.229"]
[Date "1999.05.27"]
[Round "?"]
[White "Hossa"]
[Black "JudgeTurpin"]
[Result "1-0"]
[WhiteElo "2485"]
[BlackElo "2495"]
[PlyCount "88"]

1. e4 c5 2. Nf3 e6 3. d4 cxd4 4. Nxd4 Nf6 5. Nc3 d6 6. f4 Nc6 7. Bb5 Bd7 8. O-O
Nxd4 9. Qxd4 Bxb5 10. Nxb5 d5 11. exd5 a6 12. Nc3 Nxd5 13. Nxd5 Qxd5 14. Qxd5
exd5 15. Be3 Kd7 16. Rad1 Kc6 17. Rd3 Bb4 18. Rfd1 Rhe8 19. Kf2 Re4 20. Rxd5
Rae8 21. R5d3 Rxe3 22. Rxe3 Bc5 23. Rdd3 f5 24. Rc3 Rxe3 25. Rxe3 Kd5 26. Kf3
Bxe3 27. Kxe3 Kc4 28. h4 g6 29. g3 a5 30. a4 Kb4 31. Kd4 Kxa4 32. Ke5 b6 33.
Kf6 Kb5 34. Kg7 h5 35. Kxg6 Kc6 36. Kxh5 Kd7 37. Kg6 Ke7 38. Kxf5 b5 39. g4 Kf8
40. Kg6 Ke7 41. Kg7 b4 42. f5 Kd7 43. f6 b3 44. cxb3 44... Kd6 {
JudgeTurpin resigns} 1-0

[Event "ICS Rated blitz match"]
[Site "207.99.83.229"]
[Date "1999.05.27"]
[Round "?"]
[White "Quaestor"]
[Black "Hossa"]
[Result "1-0"]
[WhiteElo "2747"]
[BlackElo "2501"]
[PlyCount "74"]

1. d4 d5 2. Nf3 Nf6 3. c4 c6 4. e3 e6 5. Nc3 Be7 6. Bd3 dxc4 7. Bxc4 Nbd7 8.
O-O O-O 9. e4 Ng4 10. h3 Ngf6 11. Be3 Bb4 12. e5 Nd5 13. Nxd5 exd5 14. Bd3 Re8
15. Ng5 g6 16. e6 fxe6 17. Nxh7 Nf6 18. Ng5 Kg7 19. Qc2 Ne4 20. Nxe4 dxe4 21.
Bxe4 Qf6 22. Bxc6 Rd8 23. Be4 Ba5 24. Rfd1 Rd7 25. Rac1 Bb6 26. Qd2 Qh4 27. Re1
Qh5 28. Bf3 Qh4 29. Rc4 Qh8 30. Bf4 Qd8 31. Be5+ Kh7 32. Qf4 Qe7 33. Be4 a5 34.
Qg3 Qg7 35. Bxg7 Rxg7 36. Qd6 Ba7 37. Qf8 37... Rb8 {Hossa resigns} 1-0

[Event "ICS Rated blitz match"]
[Site "207.99.83.229"]
[Date "1999.05.27"]
[Round "?"]
[White "Hossa"]
[Black "Amateur"]
[Result "0-1"]
[WhiteElo "2495"]
[BlackElo "2493"]
[PlyCount "258"]

1. e4 Nf6 2. e5 Nd5 3. d4 d6 4. Nf3 dxe5 5. Nxe5 g6 6. Bc4 Be6 7. Bb5+ Nd7 8.
Bxd7+ Bxd7 9. O-O Bg7 10. Qf3 Be6 11. c4 f6 12. Nxg6 hxg6 13. cxd5 Qxd5 14.
Qxd5 Bxd5 15. Nc3 Bc4 16. Re1 f5 17. Bf4 Bxd4 18. Bxc7 Bxc3 19. bxc3 Kf7 20. a4
Rac8 21. Be5 Rhd8 22. Bd4 a6 23. a5 Rc6 24. Rab1 Bb5 25. h4 Rd7 26. Rb2 Re6 27.
Be5 Rd5 28. f4 Rc6 29. Bd4 Re6 30. Rxe6 Kxe6 31. Kh2 Rd7 32. Kg3 Kd5 33. Rb4 e6
34. Kf3 Bf1 35. Be5 Bb5 36. Rb2 Kc4 37. Kg3 Rd3+ 38. Kf2 Bc6 39. Rb4+ Kc5 40.
Bd4+ Kd6 41. Rb2 Rd1 42. Bb6 Bb5 43. Be3 e5 44. c4 Bc6 45. c5+ Ke6 46. fxe5
Kxe5 47. Rb4 Rd3 48. Rb2 Ra3 49. Bd2 Kd4 50. Rc2 Rb3 51. Bg5 Rb5 52. Bf6+ Kd5
53. Bd8 Rxc5 54. Rd2+ Ke6 55. Bb6 Rc4 56. Kg3 f4+ 57. Kh3 Ke5 58. Kh2 Be4 59.
Ra2 Kf5 60. Re2 Kg4 61. Bd8 Rd4 62. Bf6 Ra4 63. Bd8 Rc4 64. Bg5 Bc6 65. Bd8 Rd4
66. Bg5 Rd1 67. Ra2 f3 68. gxf3+ Kxf3 69. Rg2 Rd5 70. Rg3+ Ke4 71. Ra3 Kf5 72.
Kg3 Rc5 73. Ra1 Rc3+ 74. Kh2 Rc2+ 75. Kg3 Rg2+ 76. Kh3 Rf2 77. Kg3 Rf3+ 78. Kh2
Be4 79. Bd8 Rf2+ 80. Kh3 Rf3+ 81. Kh2 Rf4 82. Kh3 Rf2 83. Kg3 Rg2+ 84. Kh3 Rd2
85. Rf1+ Ke6 86. Rf8 Rc2 87. Re8+ Kd5 88. Kg3 Rg2+ 89. Kf4 Rf2+ 90. Kg5 Rf5+
91. Kxg6 Rf8+ 92. Rxe4 Kxe4 93. Bb6 Rg8+ 94. Kh7 Re8 95. Kg7 Re7+ 96. Kg6 Kf4
97. Bc5 Rd7 98. Bb4 Rd5 99. Kf7 Kf5 100. Be1 Rd1 101. Bf2 Rd7+ 102. Kg8 Kg6
103. Bb6 Rd1 104. Kf8 Kh5 105. Ke7 Kxh4 106. Ke6 Kg4 107. Ke5 Kf3 108. Bc7 Rh1
109. Bb6 Rh5+ 110. Kd6 Ke4 111. Kc7 Rh7+ 112. Kc8 Kd5 113. Kb8 Kc6 114. Bd4 Rf7
115. Bc3 b6 116. axb6 Kxb6 117. Bd4+ Kb5 118. Bc3 a5 119. Kc8 a4 120. Be5 a3
121. Kd8 a2 122. Kc8 Rf1 123. Kd7 Kc5 124. Bd6+ Kd5 125. Ba3 a1=Q 126. Bc5 Kxc5
127. Ke7 Qe5+ 128. Kd7 Rf7+ 129. Kc8 129... Qe8# {Hossa checkmated} 0-1

[Event "ICS Rated blitz match"]
[Site "207.99.83.229"]
[Date "1999.05.27"]
[Round "?"]
[White "Hossa"]
[Black "Quaestor"]
[Result "0-1"]
[WhiteElo "2484"]
[BlackElo "2760"]
[PlyCount "96"]

1. e4 e5 2. Nf3 Nc6 3. Nc3 Nf6 4. d4 exd4 5. Nd5 Be7 6. Nxd4 Nxd5 7. exd5 Nxd4
8. Qxd4 O-O 9. Be2 Bf6 10. Qc4 d6 11. O-O Bf5 12. Re1 Qe7 13. c3 Be5 14. Be3
Rfe8 15. Rad1 Bc2 16. Rd2 Bf5 17. Bf3 Rac8 18. Rde2 a6 19. a4 Bd7 20. Qb4 c5
21. Qxb7 Qh4 22. g3 Qxa4 23. b3 Qb5 24. Qxb5 axb5 25. Bd2 c4 26. bxc4 Rxc4 27.
Re4 Rc5 28. R4e3 Ra8 29. Rxe5 dxe5 30. Rxe5 Bh3 31. Re1 Kf8 32. Rd1 Ra4 33. Be1
Ke7 34. Bh1 Kd7 35. f4 Kd6 36. Bf3 Bf5 37. Rd4 Rxd4 38. cxd4 Rc4 39. Bf2 b4 40.
g4 Bd3 41. f5 b3 42. f6 gxf6 43. Bg3+ Kd7 44. Kg2 b2 45. Bf2 b1=Q 46. Kg3 Rc3
47. Kh4 Qf1 48. Bg3 48... Qxf3 {Hossa resigns} 0-1

[Event "ICS Rated blitz match"]
[Site "207.99.83.229"]
[Date "1999.05.27"]
[Round "?"]
[White "Quaestor"]
[Black "Hossa"]
[Result "1-0"]
[WhiteElo "2765"]
[BlackElo "2479"]
[PlyCount "70"]

1. c4 e5 2. Nc3 Nc6 3. Nf3 g6 4. d4 exd4 5. Nxd4 Bg7 6. Nxc6 bxc6 7. g3 Ne7 8.
Bg2 Ba6 9. Qa4 Bb7 10. Bd2 O-O 11. O-O Nf5 12. e4 Nd4 13. Qb4 Qc8 14. Rab1 d6
15. Qa5 f5 16. f3 Qe6 17. c5 Rf7 18. Bf4 fxe4 19. fxe4 Nb5 20. Be3 Bf6 21. h3
a6 22. a4 Nxc3 23. bxc3 Rb8 24. Bd4 Bd8 25. Rxf7 Qxf7 26. Qb4 Qe6 27. cxd6 c5
28. Bxc5 Qa2 29. Bf1 Kg7 30. dxc7 Bxc7 31. Bd4+ Kf7 32. Bc4+ Ke8 33. Bxa2 Bxe4
34. Qc4 Rxb1+ 35. Bxb1 35... Bxb1 {Hossa resigns} 1-0

[Event "ICS Rated blitz match"]
[Site "207.99.83.229"]
[Date "1999.05.27"]
[Round "?"]
[White "Hossa"]
[Black "Quaestor"]
[Result "0-1"]
[WhiteElo "2474"]
[BlackElo "2770"]
[PlyCount "107"]

1. e4 d5 2. exd5 Qxd5 3. Nc3 Qa5 4. d4 Nf6 5. Nf3 Bg4 6. Bc4 e6 7. h3 Qh5 8.
Be2 Nc6 9. O-O Bxf3 10. Bxf3 Qg6 11. Bxc6+ bxc6 12. Qf3 Nd5 13. Ne4 Be7 14. c4
Nb4 15. Be3 O-O 16. a3 Nd3 17. Bg5 f5 18. Nc3 Qxg5 19. Qxd3 c5 20. Nb5 Rfc8 21.
Qe2 Qf6 22. d5 c6 23. Nc3 cxd5 24. cxd5 e5 25. Rad1 c4 26. Rfe1 e4 27. Qe3 Rab8
28. Re2 Bc5 29. Qf4 Bd6 30. Qe3 Rb3 31. Qxa7 Qe5 32. Kf1 Qh2 33. Rc2 Rf8 34.
Qd7 Bf4 35. Qe6+ Kh8 36. Rd4 Qh1+ 37. Ke2 Qxg2 38. Rxc4 Qf3+ 39. Ke1 Qh1+ 40.
Ke2 Rbb8 41. b4 Rbe8 42. Qc6 Qf3+ 43. Kf1 Qd3+ 44. Kg2 Qxc2 45. Nxe4 Qd3 46.
Nf6 Re1 47. Rxf4 Qf1+ 48. Kg3 g5 49. d6 Qg1+ 50. Qg2 gxf4+ 51. Kf3 Re3+ 52.
Kxf4 Qxg2 53. fxe3 Rxf6 54. d7 {Hossa resigns} 0-1

[Event "ICS rated blitz match"]
[Site "207.99.83.229"]
[Date "1999.05.27"]
[Round "?"]
[White "Quaestor"]
[Black "Hossa"]
[Result "1-0"]
[WhiteElo "2775"]
[BlackElo "2469"]
[Annotator "Fritz 5.32 (22s)"]
[PlyCount "155"]

1. d4 1... d5 {Opening = D35 - 3.Nc3 Nf6(4.cd5 ed5 5.Bg5 c6 6.---)} 2. c4 e6 3.
cxd5 exd5 4. Nc3 Nf6 5. Bg5 Bb4 6. e3 O-O 7. Bd3 h6 (7... c6 8. Nge2 Bd6 9. Qc2
h6 10. Bh4 Be6 11. h3 Nbd7 12. O-O Qc7 13. f4 Nb6 14. Rac1 Rfe8 15. Nb5 Qb8 16.
Nxd6 Qxd6 17. Bxf6 gxf6 18. Rf3 Kh8 19. Kf2 Rg8 20. g4 Kg7 21. Ng3 Kf8 22. b3 {
Hawes,J-Ghosi,M/Yerevan ARM (11) 1996/1-0 (51)}) 8. Bxf6 $146 (8. Bh4 c6 9.
Nge2 {- Newerovski,G-Magerramzade,Y/Kstovo op 1994 (9)}) 8... Qxf6 9. Qb3 Bxc3+
10. Qxc3 $11 (10. bxc3 10... Rd8 $11) 10... Qg5 11. Kf1 (11. Qxc7 Qxg2 12. Qg3
12... Qxh1 $19) 11... Qe7 12. Ne2 Nc6 13. Rc1 Qd6 14. Kg1 14... Bd7 $14 (14...
Bg4 15. h3 Bxe2 16. Bxe2 $14) 15. Bb1 Bg4 16. Qd3 {Droht Matt} 16... g6 17. Nc3
(17. Nf4 17... Rfe8 $11) 17... Rae8 (17... Bf5 18. Qe2 Bxb1 19. Rxb1 $11) 18.
Qb5 Be6 19. Na4 Rb8 20. Nc5 Bc8 21. Qb3 Re8 22. Qa4 Qe7 23. Bd3 23... a6 {
Sichert b5} 24. Nxa6 24... bxa6 {Kontrolliert b5} 25. Qxc6 Rxb2 26. Qxc7 (26.
Qxd5 26... Rxf2 $1 {nun hat Schwarz die besseren Moeglichkeiten} 27. Qe5 Qxe5
28. dxe5 Rxa2 29. Rxc7 29... Rd8 $19) 26... Qxc7 $14 (26... Bd7 27. Rf1 $11 (
27. Bxa6 $143 27... Rxf2 28. Rc3 28... Rxa2 $17)) 27. Rxc7 Rxa2 28. h4 Kg7 29.
h5 29... Ra1+ $11 (29... g5 $5 $15) 30. Kh2 Ra2 31. hxg6 $11 (31. Rhc1 31...
Be6 $11) 31... Rxf2 32. Kg1 Rf6 33. gxf7 {Es droht Matt} 33... Rf8 (33... Rxe3
$2 {ist ein Schlag ins Wasser} 34. f8=Q+ (34. Rxc8 Rxd3 35. f8=Q+ Rxf8 36. Rxf8
Kxf8 37. Rxh6 37... a5 $15) 34... Kxf8 35. Rxc8+ Ke7 36. Rh3 Rxh3 37. gxh3 $18)
({Jedoch nicht} 33... Rxf7 34. Rxf7+ Kxf7 35. Rxh6 Rxe3 36. Bxa6 Bxa6 37. Rxa6
$11) 34. Rh5 Be6 35. Ra7 35... Rd8 $16 (35... Rc8 36. Rxa6 Rc1+ 37. Kh2 Bxf7
38. Rxf6 Bxh5 39. Re6 $16) 36. Re5 Bxf7 37. Bxa6 37... Rdd6 $18 (37... Rb6 38.
e4 $16) 38. Bb5 $16 (38. Be2 38... Rd8 $18) 38... Kg8 39. g4 Be6 40. Be2 Kf8 (
40... Rb6 41. Bd3 $16) 41. Kg2 Rg6 42. Kg3 Bd7 43. Bf3 Be6 44. Ra5 Kg7 45. Bxd5
{Der Freibauer d4 greift sofort ein} 45... Rxg4+ (45... Bxg4 46. Kh4 Be6 47.
Ra7+ Kf8 48. Bf3 $18) 46. Kf3 Rg6 47. Rxe6 Rgxe6 48. Bxe6 Rxe6 49. Kf4 Rf6+ 50.
Ke5 $16 (50. Rf5 50... Rd6 $18) 50... h5 51. e4 Rf3 (51... h4 52. Ra3 $18) 52.
Ra7+ Kg6 53. Ra8 (53. d5 53... h4 $18) 53... h4 54. Rg8+ $16 (54. d5 54... h3
$18) 54... Kf7 55. Rh8 h3 56. d5 56... Kg7 {Droht Matt: Kxh8} 57. Rh5 Kg6 58.
Rh4 Rd3 59. Rh8 (59. d6 59... Kf7 $18) 59... Kg7 {Mit der Mattdrohung Kxh8} 60.
Rh5 60... Kg6 {Droht Matt: Kxh5} 61. Rh4 Kg5 (61... Kf7 62. d6 $18) 62. Rh8 Kg6
63. Ke6 63... Kg7 {Mit der Mattdrohung Kxh8} 64. Rh4 {Mit der Absicht d6} 64...
Kg6 (64... Rf3 {waere gleichermassen fruchtlos} 65. e5 Rf8 66. d6 Re8+ 67. Kd5
$18) 65. e5 {Weiss plant d6} (65. d6 {gibt noch groesseren Vorteil} 65... Kg5
66. Rh8 66... Kg4 $18) 65... Kg5 {Droht Matt} 66. Rh8 Kg6 (66... Rb3 {
holt die Kuh nicht vom Eis} 67. d6 Rb6 68. Ke7 $18) 67. d6 Kg7 68. Rh4 Ra3 69.
d7 {Es droht Matt} 69... Ra8 70. Ke7 Ra7 71. e6 {Es droht Matt} 71... Rb7 72.
Rg4+ Kh7 73. Kf6 (73. Kf7 Kh6 74. Kf6 Kh5 75. Rg5+ Kh6 76. d8=Q Rb8 77. Qxb8 h2
78. Qxh2#) 73... Rb8 74. e7 Rb6+ 75. Kf7 Kh6 (75... h2 {
hilft allerdings auch nicht} 76. Rg7+ Kh6 77. e8=Q Rf6+ 78. Kxf6 h1=Q 79. Qg6#)
76. d8=Q Kh5 77. Qg8 Rg6 (77... Rf6+ {hilft allerdings auch nicht} 78. Kxf6 h2
79. Qg5#) 78. Qxg6# 1-0

[Event "ICS rated blitz match"]
[Site "207.99.83.229"]
[Date "1999.05.27"]
[Round "?"]
[White "Quaestor"]
[Black "Hossa"]
[Result "1-0"]
[WhiteElo "2780"]
[BlackElo "2468"]
[PlyCount "227"]

1. d4 Nf6 2. Nf3 d5 3. c4 e6 4. Nc3 c6 5. e3 Nbd7 6. Bd3 dxc4 7. Bxc4 Bb4 8.
O-O O-O 9. Qe2 Ng4 10. Ne4 Ndf6 11. Bd2 a5 12. Nxf6+ Qxf6 13. e4 Qg6 14. Bf4
Nf6 15. Bd3 Qg4 16. Bc7 Be7 17. Rac1 a4 18. a3 Nd7 19. Qe3 Bf6 20. Bd6 Re8 21.
Be2 Ra7 22. e5 Bd8 23. h3 Qh5 24. Rc3 Ra8 25. Kh2 Ba5 26. Ng5 Qh4 27. g3 Qh6
28. Bd3 f5 29. Rc2 Nb6 30. Bc4 Nxc4 31. Rxc4 Bd8 32. f4 Qh5 33. Nf3 Bd7 34. Rd1
Ra6 35. Rd2 Bb6 36. Rdc2 Rc8 37. Rb4 Rd8 38. b3 Bc8 39. bxa4 Ba5 40. Rb3 Kh8
41. Rb1 Rg8 42. Rc4 Re8 43. Nd2 Rd8 44. Nb3 Rg8 45. Nxa5 Rxa5 46. Rcb4 Ra6 47.
Kg2 Rd8 48. Rc1 Rd7 49. Kh2 Kg8 50. Rc5 Ra8 51. a5 Kh8 52. Rb6 Qd1 53. Kg2 Qh5
54. Qd3 Kg8 55. Kh2 Ra7 56. d5 exd5 57. Qxd5+ Kh8 58. Rc2 Rd8 59. Qc5 Qd1 60.
Rg2 Re8 61. Rxc6 Ra8 62. Rc7 Be6 63. Qc2 Qd5 64. Rd2 Qb5 65. Qb2 Qxb2 66. Rxb2
Bd5 67. Rb5 Be4 68. a4 h5 69. Kg1 Bc6 70. Rc5 Kh7 71. Kh2 Ra6 72. Be7 Kg6 73.
Kg1 Rea8 74. Kf2 Be4 75. Bd6 Bc6 76. Re7 Rxa5 77. Rxa5 Rxa5 78. Rc7 Rxa4 79.
Bf8 Kh6 80. Bxg7+ Kh7 81. Bf6+ Kh6 82. Be7 Ra8 83. Ke3 Bg2 84. Kd4 Rb8 85. Bd6
Bxh3 86. Rf7 Re8 87. Rxb7 Bg2 88. Rf7 Be4 89. Bf8+ Kg6 90. Rf6+ Kh7 91. Rh6+
Kg8 92. Bd6 Bf3 93. Rg6+ Kh7 94. Rg5 Bg4 95. Kd5 Rc8 96. e6 Rc2 97. Be5 Ra2 98.
Rg7+ Kh6 99. Kd6 Ra6+ 100. Ke7 Ra8 101. Kf7 h4 102. gxh4 Bh5+ 103. Kf6 Bg4 104.
Rg5 Re8 105. Kf7 Rc8 106. Bg7+ Kh7 107. e7 Bf3 108. e8=Q Rxe8 109. Kxe8 Bd1
110. Ke7 Be2 111. Kf6 Bf3 112. Rg6 Kg8 113. Rh6 Be4 114. Rh8# {Hossa checkmated
} 1-0

[Event "ICS Rated blitz match"]
[Site "207.99.83.229"]
[Date "1999.05.27"]
[Round "?"]
[White "Hossa"]
[Black "blunite"]
[Result "1-0"]
[WhiteElo "2463"]
[BlackElo "2182"]
[PlyCount "79"]

1. d4 e6 2. e4 d5 3. Nd2 Nf6 4. e5 Nfd7 5. Ngf3 c5 6. c3 Nc6 7. Bb5 Qb6 8. Bxc6
bxc6 9. O-O Ba6 10. Re1 Bd3 11. Nb3 Bg6 12. Nh4 cxd4 13. Nxg6 hxg6 14. Qxd4 c5
15. Qa4 Be7 16. Na5 Rc8 17. Nb3 Rc7 18. Qg4 Nb8 19. Nd2 Nc6 20. Nf3 Rh5 21. b3
Rc8 22. Bg5 Qd8 23. Bxe7 Qxe7 24. Rac1 Kf8 25. h4 Kg8 26. Ng5 Re8 27. Rcd1 Qd7
28. Rd2 Ne7 29. Rde2 Nf5 30. g3 Qc6 31. Qf4 Rh6 32. c4 d4 33. a3 a5 34. Re4 Qb6
35. Qf3 Rb8 36. g4 Rxh4 37. gxf5 Rxe4 38. Qxe4 exf5 39. Qd5 Rf8 40. e6 {
blunite resigns} 1-0

[Event "ICS Rated blitz match"]
[Site "207.99.83.229"]
[Date "1999.05.27"]
[Round "?"]
[White "Hossa"]
[Black "Quaestor"]
[Result "0-1"]
[WhiteElo "2468"]
[BlackElo "2757"]
[PlyCount "72"]

1. d4 Nf6 2. c4 e6 3. Nc3 c5 4. d5 exd5 5. cxd5 d6 6. e4 g6 7. f3 Bg7 8. Bg5
O-O 9. Qd2 a6 10. O-O-O b5 11. Bh6 b4 12. Nce2 Nbd7 13. g4 b3 14. axb3 Rb8 15.
Bxg7 Kxg7 16. Qe3 Qb6 17. g5 Ne8 18. Kc2 Kg8 19. f4 Nc7 20. h4 a5 21. h5 a4 22.
hxg6 fxg6 23. Rd3 Ba6 24. Rc3 Rfe8 25. Qh3 Nf8 26. Qf3 Qb4 27. Bg2 Nb5 28. bxa4
Nd4+ 29. Nxd4 cxd4 30. Rc6 Qxb2+ 31. Kd1 Qa2 32. Rc2 Qxa4 33. Kc1 Rec8 34. Qb3
Qxb3 35. Rc7 Qd3 36. f5 36... Rxc7# {Hossa checkmated} 0-1

[Event "ICS Rated blitz match"]
[Site "207.99.83.229"]
[Date "1999.05.27"]
[Round "?"]
[White "BachChoy"]
[Black "Hossa"]
[Result "0-1"]
[WhiteElo "1207"]
[BlackElo "2463"]
[PlyCount "50"]

1. d3 g6 2. e3 Nf6 3. Nh3 Bg7 4. Bd2 O-O 5. Ng5 Nc6 6. b4 Ne4 7. h3 Nxg5 8. Na3
Bxa1 9. Nc4 Bg7 10. g4 d5 11. h4 Ne6 12. Na5 Nxa5 13. Qe2 Nc6 14. f3 Qd6 15. c3
a5 16. a3 axb4 17. axb4 Ra2 18. e4 Qg3+ 19. Kd1 Ra1+ 20. Kc2 Ned4+ 21. cxd4
Nxd4+ 22. Kc3 Nxe2+ 23. Kc2 Qxf3 24. Bxe2 Qxh1 25. b5 25... Qb1# {
BachChoy checkmated} 0-1

[Event "ICS Rated blitz match"]
[Site "207.99.83.229"]
[Date "1999.05.27"]
[Round "?"]
[White "TheComputer"]
[Black "Hossa"]
[Result "1-0"]
[WhiteElo "2832"]
[BlackElo "2463"]
[PlyCount "110"]

1. d4 Nf6 2. c4 d6 3. Nf3 g6 4. Nc3 Bg7 5. e4 Bg4 6. Be2 O-O 7. Be3 Nc6 8. d5
Bxf3 9. Bxf3 Ne5 10. Be2 e6 11. O-O exd5 12. cxd5 Qe7 13. Rc1 a6 14. f4 Ned7
15. Re1 Rae8 16. Bd3 Nc5 17. Bxc5 dxc5 18. e5 Nd7 19. Ne4 Bh6 20. Qf3 Kh8 21.
d6 cxd6 22. Nxd6 Rb8 23. Ne4 Rbd8 24. Rcd1 f6 25. exf6 Qf7 26. Ng5 Qxf6 27. Ne6
Rde8 28. Nxf8 Rxe1+ 29. Rxe1 Nxf8 30. Qf2 Qd6 31. Qc2 Bxf4 32. Qc3+ Qd4+ 33.
Qxd4+ cxd4 34. Re7 b5 35. Ra7 Be3+ 36. Kf1 b4 37. Rxa6 Bc1 38. Rb6 Bxb2 39.
Rxb4 Bc3 40. Rb7 Ne6 41. Bc4 Nc5 42. Rc7 Ne4 43. Ke2 Bb2 44. Bb3 Bc3 45. Ra7
Nc5 46. Bc4 Ne4 47. a4 Nf6 48. a5 Ne4 49. a6 Nd6 50. Kd3 h5 51. Rd7 Nc8 52.
Rd8+ Kg7 53. Rxc8 Kf6 54. a7 Kg7 55. a8=Q 55... Bd2 {Hossa resigns} 1-0

[Event "ICS Rated blitz match"]
[Site "207.99.83.229"]
[Date "1999.05.27"]
[Round "?"]
[White "Hossa"]
[Black "boor"]
[Result "1-0"]
[WhiteElo "2460"]
[BlackElo "2160"]
[PlyCount "90"]

1. d4 Nf6 2. c4 e6 3. Nc3 c5 4. d5 exd5 5. cxd5 g6 6. e4 d6 7. Bb5+ Bd7 8.
Bxd7+ Nbxd7 9. Nf3 Bg7 10. Bg5 O-O 11. O-O a6 12. Qd2 b5 13. Qf4 b4 14. Nd1 h6
15. Bxh6 Bxh6 16. Qxh6 Nxe4 17. Re1 Ndf6 18. Ne3 Re8 19. Re2 Qe7 20. Rae1 Qf8
21. Qh4 Qg7 22. Ng4 Nxg4 23. Qxg4 f5 24. Qf4 c4 25. Ng5 c3 26. bxc3 Qxc3 27.
Nxe4 fxe4 28. Qxd6 Kg7 29. Qc6 Qxc6 30. dxc6 Rac8 31. Rc1 Re6 32. Rec2 a5 33.
c7 Re7 34. Rc4 e3 35. fxe3 Rxe3 36. Rc5 Re7 37. R1c4 Kf7 38. Kf2 Ke8 39. Rxa5
Rcxc7 40. Rxb4 Rc2+ 41. Kf3 Ree2 42. Ra8+ Kd7 43. Ra7+ Kc6 44. Rc4+ Rxc4 45.
Kxe2 45... Rc2+ {boor resigns} 1-0

[Event "ICS Rated blitz match"]
[Site "207.99.83.229"]
[Date "1999.05.27"]
[Round "?"]
[White "TheComputer"]
[Black "Hossa"]
[Result "1-0"]
[WhiteElo "2848"]
[BlackElo "2463"]
[PlyCount "101"]

1. d4 Nf6 2. c4 d6 3. Nf3 g6 4. Nc3 Bg7 5. e4 Bg4 6. Be2 O-O 7. Be3 Nc6 8. d5
Bxf3 9. Bxf3 Ne5 10. Be2 e6 11. O-O exd5 12. cxd5 Qe7 13. Rc1 a6 14. f4 Ned7
15. Re1 Rae8 16. Bd3 Nc5 17. Bxc5 dxc5 18. e5 Nd7 19. Ne4 Bh6 20. Qf3 Rd8 21.
Qg3 a5 22. Rcd1 Bg7 23. Bb5 c4 24. d6 cxd6 25. exd6 Qe6 26. Nc3 Qf5 27. Rd5 Qf6
28. Qf2 Nb8 29. Bxc4 Nc6 30. d7 Nb4 31. Rd2 Qf5 32. a3 Nc6 33. Rd5 Qf6 34. Re4
Ne7 35. Rd2 Bh6 36. g4 g5 37. Qc5 Nc6 38. Rd6 Qg7 39. h4 gxh4 40. g5 Bxg5 41.
Qxg5 Kh8 42. Qxg7+ Kxg7 43. Nd5 f5 44. Re2 Rf7 45. Nc7 Rdxd7 46. Rg2+ Kf8 47.
Rg8+ Kxg8 48. Rxd7 Kg7 49. Rxf7+ Kg6 50. Ne8 h5 51. Rg7+ {Hossa resigns} 1-0

[Event "ICS Rated blitz match"]
[Site "207.99.83.229"]
[Date "1999.05.27"]
[Round "?"]
[White "Hossa"]
[Black "JudgeTurpin"]
[Result "0-1"]
[WhiteElo "2457"]
[BlackElo "2488"]
[PlyCount "127"]

1. d4 Nf6 2. c4 e6 3. Nc3 Bb4 4. e3 b6 5. Bd3 Bb7 6. f3 c5 7. Nge2 cxd4 8. exd4
O-O 9. a3 Bxc3+ 10. Nxc3 d5 11. cxd5 Nxd5 12. O-O Nc6 13. Nxd5 Qxd5 14. Be3
Rfe8 15. Be4 Qd7 16. Rc1 Rac8 17. Rc3 Red8 18. Qd2 Ne7 19. Qd3 h6 20. Rxc8 Rxc8
21. Bf4 Nd5 22. Be5 Qa4 23. Bh7+ Kh8 24. Re1 Ba6 25. Qe4 Qc4 26. Qb1 f6 27. Bg3
f5 28. Bg6 Qxd4+ 29. Kh1 Ne3 30. Rc1 Qd2 31. Rxc8+ Bxc8 32. Qg1 Nxg2 33. Be5
Qe2 34. Bxg7+ Kxg7 35. Bh5 Qxb2 36. Qxg2+ Qxg2+ 37. Kxg2 f4 38. Be8 Bb7 39. Bb5
Kf6 40. h4 Ke5 41. Bd7 Bd5 42. Be8 Kd4 43. Kf2 e5 44. h5 e4 45. fxe4 Kxe4 46.
a4 f3 47. Bg6+ Kf4 48. Be8 a5 49. Bg6 Bc6 50. Bc2 Be8 51. Bd1 Bxh5 52. Bb3 Be8
53. Bd1 Bc6 54. Bb3 h5 55. Be6 Bxa4 56. Bd5 Bd1 57. Bc6 Bb3 58. Bb5 a4 59. Be8
a3 60. Bxh5 a2 61. Bxf3 a1=Q 62. Bh5 Qh1 63. Bf7 Qf3+ 64. Ke1 {Hossa resigns}
0-1

[Event "ICS Rated blitz match"]
[Site "207.99.83.229"]
[Date "1999.05.27"]
[Round "?"]
[White "Data"]
[Black "Hossa"]
[Result "1-0"]
[WhiteElo "2764"]
[BlackElo "2442"]
[PlyCount "61"]

1. e4 c5 2. Nf3 Nc6 3. Bb5 g6 4. O-O Bg7 5. c3 Nf6 6. Re1 O-O 7. d4 Qb6 8. Na3
cxd4 9. e5 Nd5 10. cxd4 d6 11. exd6 exd6 12. Re4 Bf5 13. Rh4 Nce7 14. Qe2 a6
15. Ba4 Qb4 16. Bb3 Rfe8 17. Bd2 Qb6 18. Re1 Bd7 19. Ng5 Nf5 20. Re4 Rxe4 21.
Qxe4 Nc7 22. Bxf7+ Kh8 23. Nc4 Qxd4 24. Qxb7 Qa7 25. Qf3 Nd4 26. Qg3 h6 27.
Nxd6 Ncb5 28. Bd5 Nxd6 29. Qxd6 Nf5 30. Qxg6 hxg5 31. Qh5+ {Hossa resigns} 1-0